| 000 | 00737nam a2200253Ia 4500 | ||
|---|---|---|---|
| 003 | OSt | ||
| 005 | 20220928124321.0 | ||
| 006 | a|||||r|||| 00| 0 | ||
| 007 | ta | ||
| 008 | 220927b |||||||| |||| 00| 0 eng d | ||
| 020 | _c2693.96 | ||
| 024 | _a124854 | ||
| 037 |
_b152, 07/11/2014, N.R.Book Distributors _cTextual |
||
| 040 |
_aSDCL _cSDCL _beng |
||
| 041 |
_2eng _aeng |
||
| 082 | _aQk771.k58, Q1 | ||
| 100 |
_aKoller Dov _9464345 |
||
| 245 | 0 | _aRestless plant | |
| 260 |
_aCambridge _bHarvard University Press _c2011 |
||
| 300 |
_axv;206p _ccm. |
||
| 650 | _aPlant Molecular Biology | ||
| 942 |
_hQk771.k58, Q1 _cTEXL _2CC |
||
| 999 |
_c777258 _d777258 |
||